| 000 | 00468nam a22001697a 4500 | ||
|---|---|---|---|
| 005 | 20230217123635.0 | ||
| 008 | 200518b xxu||||| |||| 00| 0 eng d | ||
| 020 | _a978188125600060 | ||
| 041 | _aeng | ||
| 082 | _a615 SUR | ||
| 100 |
_aSuresh Dr. B _97511 |
||
| 245 | _aA Text Book of Forensic Pharmacy ( Pharmaceutical Jurisprudence) | ||
| 260 |
_aDelhi _bBirla Publication _c2020 |
||
| 300 | _a152 viii | ||
| 650 |
_aPharmacy _xB.PHARMA D PHARMA _97512 |
||
| 942 | _cBK | ||
| 999 |
_c6274 _d6272 |
||